000 00709cam a2200229 4500500
005 20260405002349.0
041 _afre
042 _adc
100 1 0 _aLacroix, Alexandre
_eauthor
245 0 0 _aMichaël Fœssel: “Le monde est ce qui nous sauve, non ce qui doit être sauvé”
260 _c2017.
500 _a85
690 _aGeorges Didi-Huberman
690 _aHeidegger
690 _aMichaël Fœssel
690 _aMonde
690 _aPasolini
690 _aPolitique
690 _aRéel
786 0 _nPhilosophie magazine | 107 | 3 | 2017-03-01 | p. 29-29 | 1951-1787
856 4 1 _uhttps://shs.cairn.info/magazine-philosophie-magazine-2017-3-page-29?lang=fr&redirect-ssocas=7080
999 _c2057038
_d2057038